Statistics for Match the characters played to the movie actor

Click here to take the quiz!

General Stats

  • This quiz has been taken 115 times
    (95 since last reset)
  • The average score is 9 of 18

Answer Stats

CharactersAnswer% Correct
Katniss Everdeen, Rosalyn Rosenfeld, Raven / MystiqueJennifer Lawrence
90%
Ace Ventura, Bruce Nolan, Lloyd ChristmasJim Carrey
88%
Derek Zoolander, Greg Focker, Reuben FefferBen Stiller
87%
Governor Mike Morris, Michael Clayton, Danny OceanGeorge Clooney
76%
Queen Clarisse Renaldi, Maria von Trapp, Mary PoppinsJulie Andrews
74%
Annabel Andrews, Mrs. Annabelle Bransford, Clarice StarlingJodie Foster
72%
Will Turner, Legolas, Drew BaylorOrlando Bloom
61%
Lt. Daniel Kaffee, Brian Flanagan, Charlie BabbittTom Cruise
54%
Mia Thermopolis, Andy Sachs, Agent 99Anne Hathaway
49%
Agent K, Chief Deputy Marshal Samuel Gerard, Thaddeus StevensTommy Lee Jones
49%
Sylvia Llewelyn Davies, Clementine Kruczynski, Rose DeWitt BukaterKate Winslet
44%
Benjamin Franklin Gates, Memphis Raines, Cameron PoeNicolas Cage
41%
Dr. Ian Malcolm, David Levinson, Seth BrundleJeff Goldblum
37%
Lt. Dan Taylor, Ken Mattingly, Dr. Jack MunceGary Sinise
32%
Lt. Col. James Doolittle, Robert Green, Jack RyanAlec Baldwin
27%
Haymitch Abernathy, Carson Wells, Mickey KnoxWoody Harrelson
24%
Navin R. Johnson, Freddy Benson, Gil BuckmanSteve Martin
16%
Annie Reed, Kathleen Kelly, Sally AlbrightMeg Ryan
15%

Score Distribution

Percentile by Number Answered

Percent of People with Each Score

Your Score History

You have not taken this quiz since the last reset